000 00666nam a2200253Ia 4500
003 OSt
005 20220924122734.0
006 a|||||r|||| 00| 0
007 ta
008 220923b |||||||| |||| 00| 0 urd d
020 _c6
024 _a256525
037 _cTextual
040 _aARTS
_cARTS
_burd
041 _2urd
_aurd
082 _aO168,3NRA4x, L3
100 _aRam Lal Au.
_9178526
245 0 _aUkhare huye log
260 _aLucknow
_bMatbuat Maktaba Deen wa Adab India
_c1973
300 _a272p.
_ccm.
650 _aURDU FICTION
_93298
942 _hO168,3NRA4x, L3
_cTEXL
_2CC
999 _c412885
_d412885